Mario Super Sluggers Characters - Statistics

General Stats
  • This quiz has been taken 855 times
  • The average score is 35 of 41
Answer Stats
Hint Character % Correct
Plumber Mario
99%
Princess from a Distant Land Daisy
98%
Green Plumber Luigi
98%
Princess Peach
98%
Main Villian Bowser
97%
DK Donkey Kong
97%
Yellow Plumber Wario
97%
Green Dinosaur Yoshi
97%
Purple Plumber Waluigi
96%
Baby Plumber Baby Mario
95%
Son of ^ Bowser Jr
95%
Nephew of ^ Diddy Kong
95%
Baby Green Plumber Baby Luigi
94%
Baby Princess Baby Peach
94%
Pink Dinosaur Birdo
94%
Ghost Boo
94%
Baby Princess from a Distant Land Baby Daisy
93%
King of all Ghosts King Boo
93%
Wears a Mushroom Hat Toad
93%
Female Toad Toadette
89%
Common Turtle Enemy Koopa Troopa
88%
Skeleton of a Koopa Troopa Dry Bones
87%
Most Common Mario Minion Goomba
86%
Throws Hammers Hammer Bro
86%
Kong Family Member also in Mario Kart Wii Funky Kong
83%
Baby Donkey Kong Baby DK
80%
Giant Caterpillar Wiggler
79%
Squid Blooper
78%
Girlfriend of Diddy Dixie Kong
76%
^ with wings Paragoomba
76%
^ with wings Paratroopa
76%
An Old Toad Toadsworth
76%
Enemy of DK King K Rool
75%
Referee that wears a white mask Shy Guy
75%
Mole Monty Mole
74%
Magic Koopa Troopa Magikoopa
69%
First Boss in 'Super Mario Sunshine' Petey Piranha
66%
Resident of Delfino Isle Pianta
60%
Sister of ^ Tiny Kong
59%
Minion of ^ Kritter
54%
Another Resident of Delfino Isle Noki
54%
No matching quizzes found
Score Distribution
Percent of People with Each Score
Percentile by Number Answered
Your Score History
You have not taken this quiz